000
00383nam a22001457a 4500
005
20251108173243.0
008
250721s9999 xx 000 0 ara d
082
1
4
_a
ط/ق/سيغ
100
1
_a
خشفة، محمد نديم
245
1
0
_a
فتيات مثاليات /
264
1
_a
دمشق :
_b
دار ربيع للنشر،
300
_a
191ص.
942
_2
ddc
_c
BK
999
_c
99618
_d
99618